Prominent kayasthas (Record no. 1235853)

MARC details
000 -LEADER
fixed length control field 00666nam a2200241Ia 4500
003 - CONTROL NUMBER IDENTIFIER
control field OSt
005 - DATE AND TIME OF LATEST TRANSACTION
control field 20250219145125.0
008 - FIXED-LENGTH DATA ELEMENTS--GENERAL INFORMATION
fixed length control field 008 250107s9999 xx 000 0 eng d
020 ## - INTERNATIONAL STANDARD BOOK NUMBER
International Standard Book Number 978-81-19206-12-4
037 ## - SOURCE OF ACQUISITION
Stock number REF
040 ## - CATALOGING SOURCE
Original cataloging agency CRL
Language of cataloging eng
Transcribing agency CRL
041 ## - LANGUAGE CODE
Language code of text/sound track or separate title eng
Source of code eng
084 ## - COLON CLASSIFICATION NUMBER
Classification number 23z7 P9,2
084 ## - COLON CLASSIFICATION NUMBER
Assigning agency CRL
245 #0 - TITLE STATEMENT
Title Prominent kayasthas
Statement of responsibility, etc. by Swaraj Bahadur Saxena (Compiled & Ed.)
260 ## - PUBLICATION, DISTRIBUTION, ETC.
Place of publication, distribution, etc. Delhi, India:
Name of publisher, distributor, etc. Advik Publication,
300 ## - PHYSICAL DESCRIPTION
Extent 248p.
365 ## - TRADE PRICE
Price type code INR
Price amount 2050.00
650 ## - SUBJECT ADDED ENTRY--TOPICAL TERM
Topical term or geographic name entry element SOCIOLOGY
700 ## - ADDED ENTRY--PERSONAL NAME
Personal name Saxena, Swaraj Bahadur (Compiled & Ed.)
9 (RLIN) 735032
942 ## - ADDED ENTRY ELEMENTS (KOHA)
Koha item type Reference
Classification part 23z7 P9,2
Source of classification or shelving scheme Colon Classification (CC)
Suppress in OPAC No
Holdings
Withdrawn status Lost status Damaged status Not for loan Home library Current library Date acquired Source of acquisition Cost, normal purchase price Total Checkouts Full call number Barcode Date last seen Price effective from Koha item type
        Central Library Central Library 2025-01-08 Gift, 16/08/2024, 2050.00   Y592wI R3 CL1699477 2025-01-08 2025-01-08 Reference
Copyright @ Delhi University Library System